000 00487nam a22001817a 4500
003 KOHA_MİRAKIL
005 20251221122923.0
008 251221b tu ||||| |||| 00| 0 tur d
020 _a9786057221063
040 _aTR-AnABB
_btur
_cTR-AnABB
041 _atur
082 _a364.2
_bSUC 2024
245 1 0 _aSuç araştırmaları /
260 _aAnkara :
_bPolis Akademisi Yayınları,
_c2024
300 _a107 sayfa ;
_c26 cm
650 0 4 _aSuç araştırmaları
942 _2ddc
_cBK
999 _c9817
_d9817
900 _bGizem YORULMAZ